• 首页
  • 本馆介绍
  • 公告通知
  • 最新文献
  • 馆藏检索
  • 电子资源
  • 读者导购
  • 参考咨询
  • 我的图书馆
  • 登录
  • 详细信息显示
  • 放入我的书架
  • 预约/预借图书
  • 作者相关作品
  • 分类相关作品
  • 丛书相关作品
  • 出版社相关作品

书目信息

  • 表格格式
  • 工作单格式
  • 卡片格式
题名:
鲜榨蔬果饮
    
 
作者: 彭依莎 编著
分册:  
出版信息: 北京   中国轻工业出版社  2019
页数: 160页
开本: 24cm
丛书名:
单 册:
中图分类: TS275.54
科图分类:
主题词: 蔬菜--饮料--制作 , 果汁饮料--制作
电子资源:
ISBN: 978-7-5184-2423-8
000 00785cam0 2200241 450
001 2358648145
005 20230923161738.14
010    @a978-7-5184-2423-8@dCNY45.00
100    @a20190921d2019 em y0chiy50 ea
101 0  @achi
102    @aCN@b110000
105    @aa z 000yy
200 1  @a鲜榨蔬果饮@Axian zha shu guo yin@f彭依莎编著
210    @a北京@c中国轻工业出版社@d2019
215    @a160页@c彩照@d24cm
300    @a手作特饮系列
330    @a本书立足常见蔬果,提供多款营养健康,还可瘦身、养颜、缓解亚健康等多种功能的蔬果汁。此外,书中会配置些操作小视频的二维码,教给读者正确的操作方式。
606 0  @a蔬菜@x饮料@x制作
606 0  @a果汁饮料@x制作
690    @aTS275.54@v5
701  0 @a彭依莎@Apeng yi sha@4编著
801  0 @aCN@b安徽时代@c20230923
905    @aBZT@dTS275.54@e3
    
    鲜榨蔬果饮/彭依莎编著.-北京:中国轻工业出版社,2019
    160页:彩照;24cm
    手作特饮系列
    
    ISBN 978-7-5184-2423-8:CNY45.00
    本书立足常见蔬果,提供多款营养健康,还可瘦身、养颜、缓解亚健康等多种功能的蔬果汁。此外,书中会配置些操作小视频的二维码,教给读者正确的操作方式。
●
相关链接 在五车中查询图书 在当当中查询图书 在豆瓣中查询图书


正题名:鲜榨蔬果饮     索取号:TS275.54/3         预约/预借

序号 登录号 条形码 馆藏地/架位号 状态 备注
1 2000917909   2000917909   第四书库/四28架A面3层1列/ [索取号:TS275.54/3] 在馆    
2 2000917910   2000917910   第四书库/四28架A面3层1列/ [索取号:TS275.54/3] 在馆    
3 2000917911   2000917911   第四书库/四28架A面3层1列/ [索取号:TS275.54/3] 在馆    
4 2000917912   2000917912   第四书库/四28架A面3层1列/ [索取号:TS275.54/3] 在馆    
5 2000917913   2000917913   第四书库/四28架A面3层1列/ [索取号:TS275.54/3] 在馆    
6 2000917914   2000917914   第四书库/四28架A面3层1列/ [索取号:TS275.54/3] 在馆    
山东省滨州职业学院图书馆 欢迎您!
大连网信软件有限公司© 版权所有